Medical surgical nursing / (Record no. 1662)

MARC details
000 -LEADER
fixed length control field 00574cam a2200193 4500
020 ## - INTERNATIONAL STANDARD BOOK NUMBER
ISBN 0136157386 (pbk.)
020 ## - INTERNATIONAL STANDARD BOOK NUMBER
ISBN 9780136157380 (pbk.)
022 ## - INTERNATIONAL STANDARD SERIAL NUMBER
ISSN 9780136157380
050 ## - CALL NUMBER
Classification number RT41
Item number .OS1 OSB
245 00 - TITLE
Title Medical surgical nursing /
Statement of responsibility, etc Kathleen S. Osborn, Annita Watson, Cheryl E. Wraa. Vol. 2.
260 ## - PUBLICATION INFORMATION
Place of publication Boston, Mass. :
Name of publisher Pearson,
Year of publication c2010.
300 ## - DESCRIPTION
Number of Pages 2 v. :
Other physical details ill. (chiefly col.) ;
Dimensions 28 cm.
650 #0 - SUBJECTS
Topical Term Nursing.
650 #0 - SUBJECTS
Topical Term Surgical Nursing.
700 1# - OTHER AUTHORS
Personal name Osborn, Kathleen S.
700 1# - OTHER AUTHORS
Personal name Watson, Annita B.,
700 1# - OTHER AUTHORS
Personal name Wraa, Cheryl E.
942 ## - ADDED ENTRY ELEMENTS (KOHA)
Koha item type Books
Holdings
Withdrawn status Lost status Home library Current library Shelving location Date acquired Full call number Accession Number Copy number Koha item type
    Methodist University Library Wenchi Nursing Methodist University Library Wenchi Nursing General Stacks 12/01/2018 RT41 .OS1 OSB 2886 1 Books
    Methodist University Library Wenchi Nursing Methodist University Library Wenchi Nursing General Stacks 12/01/2018 RT41 .OS1 OSB 37277   Books
Copyright © 2026  MUG Library